00625 2200217 4500001002100000005001500021035002000036007000300056008004100059020002100100082000800121084001400129100001900143245010100162250001100263260003900274300004300313650003600356990000700392990000800399INLIS00000000000151720180212103451 a0010-0218000112ta180212 g 0 ind  a979 - 3034- 80-7 a787 a787 THU t0 aTHURSAN, Hakim1 aTeknik Paling Praktis Belajar Memainkan Biola & Gitar :bMengolah Rasa dan Raga /cThursan Hakim acet. 1 aJakarta :bPT Kawan Pustaka,c2004 aviii; 186 Hlm :b.ilus ;c15 X 23,5 CM aBELAJAR BERMAIN BIOLA DAN GITAR a07 a901